000 00720nam a2200205 4500
999 _c186340
_d186340
005 20220223155209.0
010 _aENG-131769
020 _a9789388096270
_c343.00
035 _aEN-115301
037 _bDBAD/PUB
082 _a530.02462
100 _aAshok,K.
245 _aEngineering Physics/
_cK. Ashok, V. Dhanunjana Chari, and Ch. Hemalatha
260 _aHyderabad
_bSevenHills International Publishers
_c2020
270 _a#326/C, Level - 2, Surneni Nilayam, Near BK Guda Park, S R Nagar
_bHyderabad
_e500038
_k011238000657
_mstudentshelpline.in@gmail.com
300 _axii,328p.
_c24cm(pbk)
700 _aChari, V. Dhanunjana
700 _aHemalatha, Ch.
942 _2ddc
_cEN
_h530.02462
_mASH